Państwa ZSRR - Statystyki

Ogólne statystyki
  • Ten quiz został rozwiązany 1 229 razy
  • Średni wynik to 12 z 15
Statystyki odpowiedzi
Ogłoszenie Deklaracji Odpowiedź % Poprawnych
24 sierpnia 1991 Ukraina
95%
20 Sierpnia 1991 Estonia
94%
11 Marca 1990 Litwa
94%
21 Sierpnia 1991 Łotwa
94%
25 Sierpnia 1991 Białoruś
92%
Prawny kontynuator ZSRR Rosja
91%
16 Grudnia 1991 Kazachstan
90%
9 Kwietnia 1991 Gruzja
80%
31 Sierpnia 1991 Uzbekistan
77%
9 Września 1991 Tadżykistan
76%
23 Wrzesńia 1991 Armenia
75%
18 Października 1991 Azerbejdżan
74%
31 Sierpnia 1991 Kirgistan
73%
27 Października 1991 Turkmenistan
71%
27 Sierpnia 1991 Mołdawia
66%
Nie znaleziono quizów pasujących do podanych kryteriów
Rozkład punktacji
Procent ludzi z każdym wynikiem
Percentyl według liczby udzielonych odpowiedzi
Twoja historia wyników
Nie rozwiązałeś tego quizu